Bibliografia polska Karola i Stanisława Estreicherów. Cz. 3 (obejmująca druki stuleci XV-XVIII w układzie abecadłowym) // └Z. 1 : ┐A - G (Запись № 2354328)
[ простой вид ]
| 000 -МАРКЕР | |
|---|---|
| контрольное поле | 01580nam1a22003739i 4500 |
| 001 - ИДЕНТИФИКАТОР ЗАПИСИ | |
| контрольное поле | RU\NLR\b_ik\73439 |
| 005 - ИДЕНТИФИКАТОР ВЕРСИИ | |
| контрольное поле | 20260406103251.0 |
| 035 ## - ДРУГИЕ СИСТЕМНЫЕ НОМЕРА | |
| Идентификатор записи | (NLR Aleph) 002147724 |
| 100 ## - ДАННЫЕ ОБЩЕЙ ОБРАБОТКИ | |
| Данные общей обработки | 19950127d1999 |||y1rusy50 ba |
| 101 0# - ЯЗЫК РЕСУРСА | |
| Язык текста, звукозаписи и т.д. | польский |
| 102 ## - СТРАНА ПУБЛИКАЦИИ ИЛИ ПРОИЗВОДСТВА | |
| Страна публикации | российская федерация |
| 105 ## - ПОЛЕ КОДИРОВАННЫХ ДАННЫХ: ТЕКСТОВЫЕ МАТЕРИАЛЫ, МОНОГРАФИЧЕСКИЕ | |
| Кодированные данные о монографическом текстовом документе | ||||||||||||| |
| 200 1# - ЗАГЛАВИЕ И СВЕДЕНИЯ ОБ ОТВЕТСТВЕННОСТИ | |
| Основное заглавие | Bibliografia polska Karola i Stanisława Estreicherów. Cz. 3 (obejmująca druki stuleci XV-XVIII w układzie abecadłowym) |
| Сведения, относящиеся к заглавию | Dopełnienia i sprostowania do Cz. 3 |
| Первые сведения об ответственности | Uniw. Jagielloński |
| Последующие сведения об ответственности | [Zesp. red.: Andrzej Borowski (przewodn.) et al.] |
| 205 ## - СВЕДЕНИЯ ОБ ИЗДАНИИ | |
| Сведения об издании | Wyd. scalone |
| 210 ## - ПУБЛИКАЦИЯ, РАСПРОСТРАНЕНИЕ И ДР. | |
| Место издания, распространения и т.д. | Kraków |
| Имя издателя, распространителя и т. д. | Wydaw. Uniw. Jagiellońskiego |
| Дата издания, распространения и т.д. | 1999 |
| 215 ## - ФИЗИЧЕСКАЯ ХАРАКТЕРИСТИКА | |
| Размеры | 25 |
| 463 #0 - УРОВЕНЬ ФИЗИЧЕСКОЙ ЕДИНИЦЫ | |
| Встроенное поле | 2001#$a└Z. 1 : ┐A - G$f[Red.: Stanisław Siess-Krzyszkowski] |
| -- | 210##$d1999 |
| -- | 215##$a231 c |
| -- | 010$a83-233-1273-7 |
| Заглавие | └Z. 1 : ┐A - G |
| 606 0# - НАИМЕНОВАНИЕ ТЕМЫ КАК ПРЕДМЕТ | |
| Наименование темы | Старопечатные книги |
| Тематический подзаголовок | Польша |
| -- | Библиография |
| Код системы | nlr-sh1 |
| 686 0# - ИНДЕКСЫ ДРУГИХ КЛАССИФИКАЦИЙ | |
| Индекс | Я12(4П)2 |
| Код системы | |
| 700 #1 - ИМЯ ЛИЦА - ПЕРВИЧНАЯ ОТВЕТСТВЕННОСТЬ | |
| Начальный элемент ввода | Estreicher |
| Часть имени, кроме начального элемента ввода | Karol |
| Даты | 1827-1908 |
| Код отношения | Автор |
| 701 #1 - ИМЯ ЛИЦА - АЛЬТЕРНАТИВНАЯ ОТВЕТСТВЕННОСТЬ | |
| Начальный элемент ввода | Estreicher |
| Часть имени, кроме начального элемента ввода | Stanisław |
| Даты | 1869-1939 |
| Код отношения | Автор |
| 702 #1 - ИМЯ ЛИЦА - ВТОРИЧНАЯ ОТВЕТСТВЕННОСТЬ | |
| Начальный элемент ввода | Borowski |
| Часть имени, кроме начального элемента ввода | Andrzej |
| Код отношения | Редактор |
| 712 02 - НАИМЕНОВАНИЕ ОРГАНИЗАЦИИ - ВТОРИЧНАЯ ОТВЕТСТВЕННОСТЬ | |
| Начальный элемент ввода | Uniwersytet Jagielloński |
| Идентифицирующий признак | Kraków |
| Структурное подразделение | Instytut badań polonijnych |
| Графика поля | Латинская |
| Идентификатор авторитетной/нормативной записи | RU\NLR\AUTH\88989 |
| Системный номер авторитетной/нормативной записи | 272422 |
| 801 #0 - ИСТОЧНИК ЗАПИСИ | |
| Страна | российская федерация |
| Организация | NLR |
| Дата составления | 19950127 |
| Правила каталогизации | PSBO |
| 801 #1 - ИСТОЧНИК ЗАПИСИ | |
| Страна | российская федерация |
| Организация | NLR |
| Дата составления | 20011029 |
| 852 ## - МЕСТОНАХОЖДЕНИЕ И ШИФР ХРАНЕНИЯ | |
| Идентификатор организации | NLR |
| Шифр хранения (Call Number) | Си К-3/1131 |
| 942 ## - ДОПОЛНИТЕЛЬНЫЕ ЭЛЕМЕНТЫ ЗАПИСИ (АБИС) | |
| Тип экземпляра АБИС | Книга |
Нет доступных экземпляров.